| 000 | 00815nam a2200181Ia 4500 | ||
|---|---|---|---|
| 008 | 100921s9999 xx 000 0 und d | ||
| 082 |
_b25888 _a891.463 थ 85 |
||
| 100 | _aअष्टीकर मंदाकिनी. | ||
| 245 | _aनिद्रेच्या कुशीत विसावली ज्योत. | ||
| 260 |
_bबांदोडकर प्रकाशन, गोवा. _c1985 |
||
| 300 |
_a204 _bरसिक साहित्य,पुणे |
||
| 365 | _b75 | ||
| 520 | _aललित-कादंबरी. | ||
| 630 | _aनिद्रेच्या कुशीत विसावली ज्योत. | ||
| 650 | _aललित-कादंबरी. | ||
| 730 | _aनिद्रेच्या कुशीत विसावली ज्योत. | ||
| 942 | _cBOOK | ||
| 999 |
_c775001 _d774998 |
||